01079nam a2200289 i 450000100060000000300090000600500170001500700030003200800410003502000180007608000200009408000180011410000310013224501530016326000420031630000360035849000210039465000580041565000360047370000280050970000360053770000260057383000290059985200220062899900170065095201220066792642ES-MaACL20250815132342.0t|050412s1991 fr a |||| | fre d a2-251-33907-8 a292.11(0:7)"02" a75.032(37/38)1 aFilostrato, Flavio.95086013aLa galerie de tableaux / cPhilostrate ; traduit par Auguste Bougot ; révisé et annoté par François Lissarrague ; préface de Pierre Hadot. aParis : bLes Belles Lettres, c1991. aXXII, 151 p. : bil. ; c21 cm.1 aLa roue a livres 4aMitología griega-vObras anteriores a 1800.915282717aPintura clásica2embne9160221 aBougot, Auguste.9308771 aLissarrague, François.9725461 aHadot, Pierre.9614140 aLa roue a livres9184235 aES-MaACLjE-10824 c92642d92642 00104070aATENEOMbATENEOMcDEPO2d2008-01-17eSCl0oE-10824p1096716r2023-02-23 00:00:00w2023-02-23yMONOGRAFIA